Hidden Neighbors of Italy Quiz Stats

 Plays Quiz Updated Mar 8, 2019

Score 0/6 Timer 01:00
10 Plays Today
% Correct
France
94.5%
Vatican City
89.6%
San Marino
88.9%
Switzerland
88.8%
Slovenia
75.1%
Austria
74.4%

You're not logged in!

Compare scores with friends on all Sporcle quizzes.
OR
Log In

Show Comments

Extras

Top Quizzes Today


Score Distribution

Your Account Isn't Verified!

In order to create a playlist on Sporcle, you need to verify the email address you used during registration. Go to your Sporcle Settings to finish the process.

Report this User

Report this user for behavior that violates our Community Guidelines.

Details: